• 首页
  • 本馆介绍
  • 公告通知
  • 最新文献
  • 馆藏检索
  • 电子资源
  • 读者导购
  • 参考咨询
  • 我的图书馆
  • 登录
  • 详细信息显示
  • 放入我的书架
  • 预约/预借图书
  • 作者相关作品
  • 分类相关作品
  • 丛书相关作品
  • 出版社相关作品

书目信息

  • 表格格式
  • 工作单格式
  • 卡片格式
题名:
奶牛分子育种技术研究
    
 
作者: 张沅 , 张勤 , 孙东晓 主编
分册:  
出版信息: 北京   中国农业大学出版社  2012.08
页数: 395页
开本: 27cm
丛书名: 现代农业高新技术成果丛书
单 册:
中图分类: S823.92
科图分类:
主题词: 乳牛--遗传育种--研究 , 乳牛 , 遗传育种
电子资源:
ISBN: 978-7-5655-0534-8
000 01245oam2 2200337 450
001 0100101126264
005 20140611151954.46
010    @a978-7-5655-0534-8@b精装@dCNY118.00
100    @a20130417d2012 em y0chiy50 ea
101 0  @achi
102    @aCN@b110000
105    @aafk z 000yy
106    @ar
200 1  @a奶牛分子育种技术研究@9nai niu fen zi yu zhong ji shu yan jiu@dResearches on molecular breeding technology in dairy cattle@f张沅,张勤,孙东晓主编@zeng
210    @a北京@c中国农业大学出版社@d2012.08
215    @a395页@c图,图版(16页)@d27cm
225 2  @a现代农业高新技术成果丛书
300    @a国家出版基金项目
330    @a本书详细介绍了奶牛重要性状基因定位、主效基因和分子标记挖掘、标记辅助选择技术体系、遗传缺陷分子诊断和亲子鉴定技术平台构建等研究进展。
333    @a奶牛养殖人员
461  0 @12001 @a现代农业高新技术成果丛书
510 1  @aResearches on molecular breeding technology in dairy cattle@zeng
606 0  @a乳牛@x遗传育种@x研究
606 0  @a乳牛
606 0  @a遗传育种
690    @aS823.92@v5
701  0 @a张沅@9zhang yuan@f(1943-)@4主编
701  0 @a张勤@9zhang qin@4主编
701  0 @a孙东晓@9sun dong xiao@4主编
801  0 @aCN@b人天书店@c20130417
905    @b548972-74@dS823.92@e106@f3
    
    奶牛分子育种技术研究=Researches on molecular breeding technology in dairy cattle/张沅,张勤,孙东晓主编.-北京:中国农业大学出版社,2012.08
    395页:图,图版(16页);27cm.-(现代农业高新技术成果丛书)
    国家出版基金项目.-使用对象:奶牛养殖人员
    
    ISBN 978-7-5655-0534-8(精装):CNY118.00
    本书详细介绍了奶牛重要性状基因定位、主效基因和分子标记挖掘、标记辅助选择技术体系、遗传缺陷分子诊断和亲子鉴定技术平台构建等研究进展。
●
相关链接 在E读中查询图书 在五车中查询图书 在当当中查询图书 在豆瓣中查询图书


正题名:奶牛分子育种技术研究     索取号:S823.92/106         预约/预借

序号 登录号 条形码 馆藏地/架位号 状态 备注
1 548972   205489728   第二样本阅览室/ [索取号:S823.92/106] 在馆    
2 548973   205489737   第三借阅区/ [索取号:S823.92/106] 在馆    
3 548974   205489746   密集书库-生命科学系/ [索取号:S823.92/106] 在馆    
唐山师范学院图书馆 欢迎您!
大连网信软件有限公司© 版权所有